|
|
|
|
| LEADER |
01919nam a2200505 i 4500 |
| 001 |
001803494 |
| 003 |
CZ BrMZK |
| 005 |
20220321085406.0 |
| 007 |
ta |
| 008 |
211019t20212021xxua f 001 0 eng |
| 020 |
|
|
|a 978-0-323-88493-8
|q (brožováno)
|
| 040 |
|
|
|a BOA001
|b cze
|e rda
|
| 045 |
|
|
|a y-y-
|
| 072 |
|
7 |
|a 024
|x Služby knihoven
|2 Konspekt
|9 12
|
| 080 |
|
|
|a 021
|2 MRF
|
| 080 |
|
|
|a 024.5/.6:004.78
|2 MRF
|
| 080 |
|
|
|a 616.921.5
|2 MRF
|
| 080 |
|
|
|a 616-036.21
|2 MRF
|
| 080 |
|
|
|a 025:004.08
|2 MRF
|
| 080 |
|
|
|a 659.2:004
|2 MRF
|
| 080 |
|
|
|a (048.8:082)
|2 MRF
|
| 100 |
1 |
|
|a Baker, David
|7 js20080608013
|4 aut
|4 edt
|
| 245 |
1 |
0 |
|a Libraries, digital information, and COVID :
|b practical applications and approaches to challenge and change /
|c written and edited by David Baker, Lucy Ellis
|
| 264 |
|
1 |
|a Cambridge, MA :
|b Chandos Publishing, an imprint of Elsevier,
|c [2021]
|
| 264 |
|
4 |
|c ©2021
|
| 300 |
|
|
|a xlix, 369 stran :
|b ilustrace ;
|c 23 cm
|
| 336 |
|
|
|a text
|b txt
|2 rdacontent
|
| 337 |
|
|
|a bez média
|b n
|2 rdamedia
|
| 338 |
|
|
|a svazek
|b nc
|2 rdacarrier
|
| 490 |
1 |
|
|a Chandos digital information review series
|
| 504 |
|
|
|a Obsahuje bibliografie a rejstřík
|
| 648 |
|
7 |
|a 21. století
|7 ch460559
|
| 650 |
0 |
7 |
|a činnost knihoven
|7 ph168257
|y 21. století
|2 czenas
|
| 650 |
0 |
7 |
|a online knihovní služby
|7 ph135723
|y 21. století
|2 czenas
|
| 650 |
0 |
7 |
|a Covid-19
|7 ph1075649
|2 czenas
|
| 650 |
0 |
7 |
|a pandemie
|7 ph330262
|y 21. století
|2 czenas
|
| 650 |
0 |
7 |
|a digitální knihovny
|7 ph135239
|2 czenas
|
| 650 |
0 |
7 |
|a elektronické informační služby
|7 ph135720
|2 czenas
|
| 655 |
|
7 |
|a kolektivní monografie
|7 fd501537
|2 czenas
|
| 700 |
1 |
|
|a Ellis, Lucy
|7 mzk20221136759
|4 aut
|4 edt
|
| 830 |
|
0 |
|a Chandos digital information review series
|
| 910 |
|
|
|a BOA001
|b 2-1475.660
|
| 990 |
|
|
|a BK
|
| 991 |
|
|
|b 202203
|c NOV
|
| 996 |
6 |
|
|b 2610882852
|c 2-1475.660
|l MZK
|r HSS 4p
|n 0
|p kupz
|h 02 BAK
|w 001866911
|u 000010
|a 0
|e BOA001
|j MZK50
|s P
|